| 000 | 00350nam a2200157 i 4500 | ||
|---|---|---|---|
| 001 | bg | ||
| 245 | 0 | _aMagnetic Bubble Technology. | |
| 260 |
_aNew York : _bIEEE Press, _c1975. |
||
| 020 | _a0879420332 | ||
| 040 | _cBPK | ||
| 041 | _apol | ||
| 080 | _a537 | ||
| 920 | _a0-87942-033-2 | ||
| 942 | _cKS | ||
| 008 | s pl f |000 0 pol | ||
| 999 |
_c18261 _d18261 |
||
| 856 |
_uhttp://koha.tu.koszalin.pl/cgi-bin/koha/opac-detail.pl?biblionumber=18261 _yKatalog online BPK |
||